Распределение магнитного потока в электромагнитном молотке; Электротехника; № 4

Detalles Bibliográficos
Parent link:Электротехника: научно-технический журнал/ Государственный комитет по электротехнике при Госплане СССР.— , 1963-.— 0013-5860
№ 4.— 1964.— с. 54-56
Autor principal: Ряшенцев Н. П.
Otros Autores: Фролов А. В.
Lenguaje:ruso
Publicado: 1964
Materias:
Formato: Capítulo de libro
KOHA link:https://koha.lib.tpu.ru/cgi-bin/koha/opac-detail.pl?biblionumber=434350

MARC

LEADER 00000naa2a2200000 4500
001 434350
005 20241224160016.0
035 |a (RuTPU)RU\TPU\prd\95320 
035 |a RU\TPU\tpu\6337 
090 |a 434350 
100 |a 20110119d1964 k||y0rusy50 ca 
101 0 |a rus 
102 |a RU 
200 1 |a Распределение магнитного потока в электромагнитном молотке  |f Н. П. Ряшенцев, А. В. Фролов 
461 |0 (RuTPU)RU\TPU\prd\1672  |x 0013-5860  |t Электротехника  |o научно-технический журнал  |f Государственный комитет по электротехнике при Госплане СССР  |d 1963- 
463 |0 (RuTPU)RU\TPU\prd\95318  |t № 4  |v с. 54-56  |d 1964 
610 1 |a горное дело 
610 1 |a труды учёных ТПУ 
700 1 |a Ряшенцев  |b Н. П. 
701 1 |a Фролов  |b А. В. 
801 0 |a RU  |b 63413507  |c 20011210  |g PSBO 
801 2 |a RU  |b 63413507  |c 20110119  |g PSBO 
942 |c BK